Drapeau correct ou incorrect? #2 - Mort subite - Statistiques

Statistiques générales
  • Ce quiz a été pris 1 785 fois
    500 depuis la dernière actualisation
  • Le résultat moyen est 3 sur 20
Answers on the Grid
Answers color-coded by a green-red scale on the quiz's grid according to % correct below.
 
Statistiques - réponses
Réponse % Correct
27%
25%
25%
21%
21%
20%
20%
19%
18%
16%
16%
15%
13%
13%
12%
10%
9%
9%
7%
7%
Aucun quiz correspondant
Distribution des résultats
% des personnes avec chaque résultat
Percentile par nombre de réponses
Votre historique - résultats
Vous n’avez pas pris ce quiz depuis la dernière actualisation